| 000 | 00953nam a2200265 a 4500 | ||
|---|---|---|---|
| 001 | 000027509 | ||
| 003 | DO-SdBNP | ||
| 005 | 20231121093459.0 | ||
| 008 | 110401s1996 dr ac 001 0 spa d | ||
| 040 |
_aDO-SdBNP _bspa _cBNPHU |
||
| 082 | 4 |
_a361.763 _bF981t _222 |
|
| 110 | 1 |
_aFundación Dominicana de Desarrollo _954592 |
|
| 245 | 1 | 0 | _a30 años de trabajo social. |
| 246 | 1 | 3 | _aTreinta años de trabajo social |
| 260 |
_aSanto Domingo : _bFDD, _c1996. |
||
| 300 |
_a63 p. : _bil., retrs. ; _c27 cm. |
||
| 590 | _aInventariado, 2018/ YL | ||
| 650 | 4 |
_aTrabajo social _zRepública Dominicana _914028 |
|
| 650 | 4 |
_aDesarrollo de la comunidad _zRepública Dominicana _92533 |
|
| 650 | 4 |
_aOrganizaciones no-gobernamentales _zRepública Dominicana _99619 |
|
| 651 | 4 |
_aRepública Dominicana _xCondiciones económicas _9281 |
|
| 651 | 4 |
_aRepública Dominicana _xCondiciones sociales _946 |
|
| 910 | _aValidado. Control de calidad EMS | ||
| 942 |
_2ddc _cLBS1 |
||
| 999 |
_c27001 _d27001 |
||